Sports Quiz

Random Sports or NBA Quiz

Which Logo is NBA? (Blitz) Quiz Stats

 Plays Quiz Updated Jul 22, 2016

Challenge
Share
Tweet
Score 0/30 Timer 01:00
8 Plays Today
% Correct
Knicks
96.1%
Magic
94%
Pacers
92.7%
Suns
92.3%
Mavericks
92.1%
Pistons
91.9%
Bulls
91.6%
Celtics
91.6%
Heat
90.8%
Thunder
90.7%
Cavaliers
88.9%
Warriors
88.7%
Grizzlies
88.7%
Kings
88.5%
Jazz
87.9%
% Correct
76ers
87.4%
Raptors
87.1%
Bucks
86.6%
Hornets
86%
Timberwolves
85.7%
Lakers
85.7%
Clippers
85.3%
Wizards
85.2%
Spurs
85.1%
Nets
84.8%
Rockets
83.4%
Trail Blazers
83.3%
Hawks
79.3%
Nuggets
77.4%
Pelicans
77.2%

You're not logged in!

Compare scores with friends on all Sporcle quizzes.
Join for Free
OR
Log In

You Might Also Like...

Show Comments

Extras

Top Quizzes Today


Score Distribution

Your Account Isn't Verified!

In order to create a playlist on Sporcle, you need to verify the email address you used during registration. Go to your Sporcle Settings to finish the process.

Report this User

Report this user for behavior that violates our Community Guidelines.

Details: